Samakala streenovel vayanakal/ (Record no. 181728)

000 -LEADER
fixed length control field 00476nam a22001817a 4500
020 ## - INTERNATIONAL STANDARD BOOK NUMBER
ISBN 9789348132369
082 ## - DEWEY DECIMAL CLASSIFICATION NUMBER
Classification number M300 7
Item number SHA/S
100 ## - MAIN ENTRY--AUTHOR NAME
Personal name Shaji Jacob
245 ## - TITLE STATEMENT
Title Samakala streenovel vayanakal/
Statement of responsibility, etc by Shaji Jacob
260 ## - PUBLICATION, DISTRIBUTION, ETC. (IMPRINT)
Place of publication Kozhikode:
Name of publisher Atma Books,
Year of publication 2024.
300 ## - PHYSICAL DESCRIPTION
Number of Pages 319p.
490 ## - SERIES STATEMENT
Series statement Pusthakapadana Parampara-1
650 ## - SUBJECT ADDED ENTRY--TOPICAL TERM
Topical Term Novel Malayalam Study
650 ## - SUBJECT ADDED ENTRY--TOPICAL TERM
Topical Term Novel Women Study
650 ## - SUBJECT ADDED ENTRY--TOPICAL TERM
Topical Term Literature Malayalam
650 ## - SUBJECT ADDED ENTRY--TOPICAL TERM
Topical Term Literature
942 ## - ADDED ENTRY ELEMENTS (KOHA)
Koha item type Book
Holdings
Withdrawn status Lost status Damaged status Not for loan Permanent Location Current Location Shelving location Date acquired Cost, normal purchase price Full call number Accession Number Price effective from Koha item type
        Sree Sankaracharya University of Sanskrit Sree Sankaracharya University of Sanskrit Stacks 21.05.2026 640.00 M300 7 SHA/S 108902 21.05.2026 Book